Statistiques concernant Pater noster

Cliquez ici pour prendre le quiz!

Statistiques générales

  • Ce quiz a été pris 15 fois
  • Le résultat moyen est 25 sur 50

Statistiques - réponses

IndiceMot% Correct
Nnos
100%
Nnos
100%
Nnos
100%
Nnoster
100%
PPater
100%
Ees
91%
Iin
91%
Iin
91%
Iin
91%
Iin
91%
Qqui
91%
Aa
82%
AAmen
64%
Eet
64%
Eet
64%
Eet
64%
Eet
64%
Nnomen
64%
NNostrum
64%
Tterra.
55%
Ccaelis
45%
PPanem
45%
Rregnum
45%
Ccaelo
36%
Dda
36%
Nnostra
36%
Ttua
36%
Ttuum
36%
Ttuum
36%
Aadveniat
27%
Ffiat
27%
Hhodie
27%
Mmalo.
27%
Nnobis
27%
Nnobis
27%
Nnostris
27%
Qquotidianum
27%
Ssanctificetur
27%
Ssed
27%
Ssicut
27%
Ssicut
27%
Ttentationem
27%
Vvoluntas
27%
Ddebita
18%
Ddebitoribus
18%
Ddimitte
18%
Ddimittimus
18%
Iinducas
18%
Slibera
18%
Nne
18%

Distribution des résultats

Percentile par nombre de réponses

% des personnes avec chaque résultat

Votre développement - résultats

Vous n’avez pas pris ce quiz